Yi li jing zhuan tong jie : [37 juan] /
Saved in:
| Main Author: | |
|---|---|
| Other Authors: | , |
| Format: | Book |
| Language: | Chinese |
| Published: |
[Taibei] :
Taiwan shang wu yin shu guan,
[1983]
|
| Series: | Ying yin Wen yuan ge Si ku quan shu ;
di 131-132 ce |
| Subjects: | |
| Tags: |
Add Tag
No Tags, Be the first to tag this record!
|
| LEADER | 02053cam a2200421 a 4500 | ||
|---|---|---|---|
| 001 | 003473240-3 | ||
| 005 | 20024617105648.0 | ||
| 008 | 930203s1983 ch 000 0 chi d | ||
| 035 | 0 | |a ocm27363891 | |
| 040 | |a CLU |c CLU |d MH-HY |d CStRLIN | ||
| 100 | 1 | |6 880-01 |a Zhu, Xi, |d 1130-1200. | |
| 245 | 1 | 0 | |6 880-02 |a Yi li jing zhuan tong jie : |b [37 juan] / |c (Song) Zhu Xi zhuan. Yi li jing zhuan tong jie xu : [29 juan] / (Song) Huang Gan, Yang Fu zhuan. |
| 260 | |6 880-03 |a [Taibei] : |b Taiwan shang wu yin shu guan, |c [1983] | ||
| 300 | |a 2 v. ; |c 28 cm. | ||
| 490 | 0 | |6 880-04 |a Ying yin Wen yuan ge Si ku quan shu ; |v di 131-132 ce | |
| 500 | |6 880-05 |a Reproduced from the collection in possession of Guo li gu gong bo wu yuan. | ||
| 500 | |a Each page represents 2 leaves of the original. | ||
| 500 | |6 880-06 |a Series title on cover and spine: Ying yin Wen yuan ge Si ku quan shu. Jing bu 125-126, Li lei. | ||
| 630 | 0 | 0 | |6 880-07 |a Yi li. |
| 700 | 1 | |6 880-08 |a Huang, Gan, |d 1152-1221. | |
| 700 | 1 | |6 880-09 |a Yang, Fu. | |
| 700 | 1 | 2 | |6 880-10 |a Huang, Gan, |d 1152-1221. |t Yi li jing zhuan tong jie xu. |f 1983. |
| 700 | 1 | 2 | |6 880-11 |a Yang, Fu. |t Yi li jing zhuan tong jie xu. |f 1983. |
| 740 | 0 | |6 880-12 |a Yi li jing zhuan tong jie xu. | |
| 880 | 1 | |6 100-01 |a 朱熹, |d 1130-1200. | |
| 880 | 1 | 0 | |6 245-02 |a 儀禮經傳通解 : |b [37卷] / |c (宋) 朱熹撰. 儀禮經傳通解續 : [29卷] / (宋) 黄幹, 楊復撰. |
| 880 | |6 260-03 |a [台北] : |b 臺灣商務印書館, |c [1983] | ||
| 880 | 0 | |6 490-04 |a 景印文淵閣四庫全書 ; |v 第131-132册 | |
| 880 | |6 500-05 |a Reproduced from the collection in possession of 國立故宮博物院. | ||
| 880 | |6 500-06 |a Series title on cover and spine: 景印文淵閣四庫全書. 經部125-126, 禮類. | ||
| 880 | 0 | 0 | |6 630-07 |a 儀禮. |
| 880 | 1 | |6 700-08 |a 黄幹, |d 1152-1221. | |
| 880 | 1 | |6 700-09 |a 楊復. | |
| 880 | 1 | 2 | |6 700-10 |a 黄幹, |d 1152-1221. |t 儀禮經傳通解續. |f 1983. |
| 880 | 1 | 2 | |6 700-11 |a 楊復. |t 儀禮經傳通解續. |f 1983. |
| 880 | 0 | |6 740-12 |a 儀禮經傳通解續. | |
| 988 | |a 20021103 | ||
| 906 | |0 OCLC | ||


